000 00419nam a2200133Ia 4500
008 150610s9999 xx 000 0 und d
020 _a9781411402195
050 _aPR284
_b .A2C76 2004
100 _aShakespeare, William, 1564-1616
245 _aSonnets /
_cWilliam Shakespeare; edited by John Crowther.
260 _aNew York :
_bSpark Publishing,
_c2004.
300 _a315pages ;
_c20 cm.
520 _aSonnets, English.
999 _c287995
_d287995